Động lực học máy công cụ

Wedi'i Gadw mewn:
Manylion Llyfryddiaeth
Prif Awdur: Phạm Đắp
Fformat: Llyfr
Iaith:Undetermined
Cyhoeddwyd: Hà Nội Trường Đại học Bách khoa Hà Nội 1991
Pynciau:
Tagiau: Ychwanegu Tag
Dim Tagiau, Byddwch y cyntaf i dagio'r cofnod hwn!
Thư viện lưu trữ: Trung tâm Học liệu Trường Đại học Cần Thơ
LEADER 00604nam a2200181Ia 4500
001 CTU_35393
008 210402s9999 xx 000 0 und d
082 |a 621.902 
082 |b Đ117 
100 |a Phạm Đắp 
245 0 |a Động lực học máy công cụ 
245 0 |c Phạm Đắp, Nguyễn Huy Hiển, Phạm Thế Trường 
260 |a Hà Nội 
260 |b Trường Đại học Bách khoa Hà Nội 
260 |c 1991 
650 |a marchin parts 
904 |i Nguyễn Quang Điền, 000229 
980 |a Trung tâm Học liệu Trường Đại học Cần Thơ